• 首页
  • 本馆介绍
  • 公告通知
  • 最新文献
  • 馆藏检索
  • 电子资源
  • 读者导购
  • 参考咨询
  • 我的图书馆
  • 登录
  • 详细信息显示
  • 放入我的书架
  • 预约/预借图书
  • 作者相关作品
  • 分类相关作品
  • 丛书相关作品
  • 出版社相关作品

书目信息

  • 表格格式
  • 工作单格式
  • 卡片格式
题名:
民国时期农村土地问题
    
 
作者: 金德群 著
分册:  
出版信息: 北京   红旗出版社  1994
页数: 309页
开本: 20cm
丛书名: 地政研究丛书
单 册:
中图分类: F329.06
科图分类: 29.3042
主题词: 农村-土地问题--中国--民国 , 土地问题-农村--中国--民国
电子资源:
ISBN: 7-80068-767-8
000 00806nnam 2200265 45
001 0196006106
005 20070730090326.48
010    @a7-80068-767-8@dCNY8.80
100    @a19950618d1994 kemy0chiy0121 ea
101 0  @achi
102    @aCN@b110000
105    @ay z 000yy
200 10 @a民国时期农村土地问题@AMIN GUO SHI QI NONG CUN TU DI WEN TI@f金德群著@FJIN DE QUN ZHU
210    @a北京@c红旗出版社@d1994
215    @a309页@d20cm
225 2  @a地政研究丛书@v2
304    @a金德群(1932~ ),浙江永嘉人,中国人民大学历史系教授,中国现代史学会理事
410  0 @120010@a地政研究丛书
606    @a农村-土地问题@y中国@z民国
606    @a土地问题-农村@y中国@z民国
690    @aF329.06
692    @a29.3042
701  0 @a金德群@AJIN DE QUN@4著
801  0 @aCN@bTSSF@c20070730
905    @a10447@dF329.06@e87
    
    民国时期农村土地问题/金德群著.-北京:红旗出版社,1994
    309页;20cm.-(地政研究丛书;2)
    
    
    ISBN 7-80068-767-8:CNY8.80
    
●
相关链接 在E读中查询图书 在五车中查询图书 在当当中查询图书 在豆瓣中查询图书


正题名:民国时期农村土地问题     索取号:F329.06/87         预约/预借

序号 登录号 条形码 馆藏地/架位号 状态 备注
1 0784596   207845965   第一样本阅览室/ [索取号:F329.06/87] 在馆    
唐山师范学院图书馆 欢迎您!
大连网信软件有限公司© 版权所有